000 00483nam a2200181Ia 4500
008 240925s9999 xx 000 0 und d
020 _a047100751x
082 _a629.8312 SHI
100 _aShinners, Stanley M.
245 0 _aModern Control System Theory and Design
250 _aNA
260 _aNew York:
_bJohn Wiley & Sons
_c,1992.
300 _axii,644p.
_bNA
_fOriginal
500 _aIncludes Index
600 _aElectronic Engineering
650 _aTechnology
942 _cBK
999 _c2716
_d2716